[Event "Reunion op 17th"]
[Site "St Denis"]
[Date "2015.10.10"]
[Round "1"]
[White "Boyer, Frederick"]
[Black "Duprey, Francois Xavier"]
[Result "0-1"]
[WhiteElo "1200"]
[BlackElo "1720"]
[PlyCount "62"]
[EventDate "2015.10.10"]
[EventType "swiss"]
[EventRounds "9"]
[EventCountry "RUF"]
[SourceTitle "CBM 168 Extra"]
[Source "ChessBase"]
[SourceDate "2015.10.29"]
[SourceVersion "1"]
[SourceVersionDate "2015.10.29"]
[SourceQuality "1"]

1. e4 d5 2. Nc3 d4 3. Nd5 e6 4. Nf4 e5 5. Nd3 Bd6 6. Nf3 Qe7 7. c3 c5 8. c4 Nf6 9. Qe2 b6 10. b3 Bb7 11. Ndxe5 Bxe5 12. d3 0-0 13. Bb2 Nc6 14. Qd2 Qc7 15. g3 Rae8 16. 0-0-0 b5 17. Be2 bxc4 18. dxc4 Nxe4 19. Qe1 Bf6 20. Bd3 Nc3 21. Bxh7+ Kxh7 22. Qd2 Nxa2+ 23. Kb1 Ncb4 24. Ng5+ Bxg5 25. Qxg5 Bxh1 26. Rxd4 Re1+ 27. Bc1 Rxc1+ 28. Kb2 Rc2+ 29. Ka1 cxd4 30. Qh5+ Kg8 31. g4 Qf4 0-1